Administracin̤, teora̕s, autores, fases y reflexiones

Bibliographic Details
Main Author: Prieto Herrera, Jorge Eličer
Other Authors: Therǹ Barrios, Ingrid
Format: eBook
Language:Spanish
Published: Bogot:̀ Ediciones de la U, 2018
Subjects:
Online Access:Acceso restringido

MARC

LEADER 00000nam a22000007a 4500
005 20181230123343.0
007 cr|||| ||||
008 181230s2018 co |||||s|||| 00||0 spa d
020 |a 978-958-762-763-3 
035 |a 22601 
040 |a vLex 
090 |c 8413  |d 8413 
100 1 |a Prieto Herrera, Jorge Eličer 
245 1 0 |a Administracin̤, teora̕s, autores, fases y reflexiones  |h [Recurso electrn̤ico] /  |c Jorge Eličer Prieto Herrera, Ingrid Therǹ Barrios 
256 |a Servicio en ln̕ea 
260 |a Bogot:̀  |b Ediciones de la U,  |c 2018 
300 |a 1 recurso electrn̤ico 
506 1 |a Disponible solo en los productos indicados  |d vLex Global  |d vLex Global (Academic Edition, excluding Law Schools)  |d vLex Global (U.S. Academic Edition, Law Schools)  |d vLex Global (U.S. Academic Edition, excluding Law Schools)  |d vLex Global (Academic Edition, Law Schools) 
650 0 4 |a Administracin̤ (Management)  |z Colombia 
700 1 |a Therǹ Barrios, Ingrid 
740 0 |a vLex Libros (Servicio en ln̕ea) 
856 4 0 |u http://vlex.com/source/administracion-teorias-autores-fases-reflexiones-22601  |z Acceso restringido 
942 |c BOOK 
999 0 |a Administration (Management)